000
00281nam a22001217a 4500
008
181008b xxu||||| |||| 00| 0 eng d
041
_a
eng
080
_a
617
100
_a
6
101
_a
ANE
245
_a
Principles and Practice of Anesthesiology
_c
Rogers, M.C
942
_2
udc
_c
BK
999
_c
49075
_d
49075